000 00910nam a22002537a 4500
005 20100826122442.0
008 090109t xxu||||| |||| 00| 0urd d
010 _aUR-7924
020 _c500.00
_a9788182236219
035 _aU-6479
037 _bDBAD/PUB
040 _aDPL
_burd
082 _a841
100 _912785
_aفر ید پر بتی
245 _aھجو م آ ئینھ /
_b
_cفر ید پر بتی
246 _aHajoom-E-Aiena
_bby Farid Parbati
260 _aدہلی
_c2010
_bایجوکیشنل پبلشنگ ہاؤس
270 _a3108,Vakil Street, Kucha Pandit,Lal Kuan
_bDelhi
_e110006
_mwww.ephbooks.com
_k011-23216162
_l0091-11-23211540
300 _a451 ص
_c22 س م (Hb)
650 _912786
700 _934961
942 _2ddc
_cUR
_h841
_mف ر ی
999 _c57232
_d57232